000 03772cam a2200325 a 4500
003 EG-GiCUC
005 20250223031649.0
008 170211s2016 ua b f m 000 0 ara d
040 _aEG-GiCUC
_bara
_cEG-GiCUC
041 0 _aara
049 _aايداع
097 _aدكتوراه
099 _aCai01.16.06.Ph.D.2016.أح.س
100 0 _aاحمد محمد محمدين سالم
245 1 2 _a السياسة الفرنسية في غرب أفريقيا :
_bالسنغال نموذجاً 1958-1974م/
_cاحمد محمد محمدين سالم ؛ اشراف عبدالله عبدالرازق إبراهيم
246 1 5 _aFrench policy in west Africa :
_bSenegal model 1958-1974m
260 _aالقاهرة :
_bاحمد محمد محمدين سالم :
_c2016
300 _a306ص :
_bخرائط ؛
_c25سم
502 _aاطروحة (دكتوراه) - جامعة القاهرة - معهد البحوث والدراسات الإفريقية - قسم التاريخ
520 _aمثلت السنغال النموذج الأبرز والأكثر امتداداً تاريخياٍ لتجسيد هذه السياسة الفرنسية في غرب أفريقيا. كانت تجربة الاستعمار الفرنسي في غرب أفريقيا تجسيداً نموذجياً للفكرة السابقة. ولهذا فقد اختار الباحث تناول السياسة الفرنسية تجاه غرب أفريقيا في فترة مفصلية في تاريخ هذا الاستعمار وهي فترة الزعيم الفرنسي السابق شارل ديجول ثم ما تلاها من مرحلة انتقالية استكمالها الرئيس جورج ومبيدو (1958-1974): وهي فترة زمنية وجيزة لكنها حفلت بالمتغيرات والمعطيات المحلية والإقليمية والدولية للأطراف ذات الصلة. وتناولت الغزو الفرنسي لغرب أفريقيا: وأهم ملامح السياسة الفرنسية الاستعمارية في غرب أفريقيا: وأيضا تغير السياسة الفرنسية في غرب أفريقيا عقب الحرب العالمية الثانية. وتطورات هذا الغزو في مراحله المختلفة وتطور السياسة الفرنسية في غرب أفريقيا قبل عام 1958. والمحددات السياسة الديجولية تجاه السنغال بعد عام 1958: فقد حمل ديجول من البداية مؤسسات الجمهورية الرابعة المسؤولية عن الضعف السياسي في فرنسا وسياستها تجاه غرب أفريقيا الفرنسية: الدور الإقليمي للسنغال وأثره على السياسة الفرنسية نحوها. ومن البديهي أن للسنغال دور إقليمي بارز يأتي من مكانتها كدولة إقليمية بارزة في غرب أفريقيا: سياسة فرنسا الديجولية من الناحيتين الاقتصادية والعسكرية تجاه السنغال: أن سياسة فرنسا هذه لم تكن منفصلة في واقع الأمر عن سياساتها الاستعمارية في السنغال وغيرها من مستعمراتها الأفريقية من حيث الاستغلال التام لهذه المستعمرات ونهب ثرواتها بشكل منتظم.
530 _aصدر ايضا كقرص مدمج
653 4 _aغرب أفريقيا
653 4 _aفرنسا والسنغال
653 4 _aمؤتمر برلين
700 0 _aعبدالله عبدالرازق إبراهيم :
_eمشرف
856 _uhttp://172.23.153.220/th.pdf
905 _aNazla
_eRevisor
905 _aSoheir
_eCataloger
942 _2ddc
_cTH
999 _c59788
_d59788